Le Code des SA et SPRL expliqu ̌

Detalles Bibliográficos
Autor principal: De Wolf, Patrick
Otros Autores: Wolf, Michel De
Formato: Desconocido
Lenguaje:francés
Publicado: Bǧica : Edipro, 2001
Materias:
Acceso en línea:Acceso restringido

MARC

LEADER 00000ny a22000003n 4500
005 2011062103483.0
008 100325s be 000 0 fre d
020 |a 9782930287157 
035 |a 2463 
040 |a BUS  |d vLex 
090 |c 956  |d 956 
100 1 |a De Wolf, Patrick 
245 1 3 |a Le Code des SA et SPRL expliqu ̌  |h [Recurso electrn̤ico]  |c Patrick De Wolf ; Michel De Wolf  
256 |a Servicio en ln̕ea 
260 |a Bǧica :  |b Edipro,  |c 2001 
300 |a v. 
506 1 |a Contenido solo disponible en los productos indicados  |d vLex Global  |d vLex Global (Academic Edition, excluding Law Schools)  |d vLex Global (U.S. Academic Edition, Law Schools)  |d vLex Global (U.S. Academic Edition, excluding Law Schools)  |d vLex Global (Academic Edition, Law Schools) 
650 0 4 |a Sociedades  |x Derecho 
700 1 |a Wolf, Michel De 
740 0 |a vLex Libros (Servicios en ln̕ea) 
856 4 0 |u http://vlex.com/source/2463  |z Acceso restringido 
942 |c BOOK